| 000 | 00399nam a2200145 a 4500 | ||
|---|---|---|---|
| 001 | 3456 | ||
| 003 | CDMR | ||
| 005 | 20130312180019.0 | ||
| 008 | 130130s1974||||||||||||||||||||||||||||d | ||
| 040 |
_aCDMR _bcat _cCDMR |
||
| 100 | 1 |
_aTapia Fernández, Jesús _9244 |
|
| 245 | 1 | 0 |
_aSociología de las revistas españolas más difundidas _cJesús Tapia Fernandez |
| 260 |
_aBarcelona _c1974 |
||
| 942 |
_cTSN _2udc |
||
| 999 |
_c3456 _d3456 |
||